Can u name the best player from each NBA team (All-Time) - Statistics

General Stats
  • This quiz has been taken 38 times
  • The average score is 17 of 30
Answer Stats
Hint Answer % Correct
Celtics Larry Bird
90%
Cavs LeBron James
77%
Heat LeBron James
77%
Hawks Bob Pettit
73%
TWolves Kevin Garnett
73%
Lakers Kobe Bryant
73%
Magic Shaquille O'Neal
73%
Bucks Kareem Abdul-Jabbar
70%
Mavs Dirk Nowitzki
67%
Rockets Hakeem Olajuwon
67%
Spurs Tim Duncan
67%
Pistons Isaiah Thomas
63%
Jazz Karl Malone
63%
Pacers Reggie Miller
63%
Nets Jason Kidd
60%
Thunder Kevin Durant
60%
76ers Allen Iverson
57%
Pelicans Anthony Davis
57%
Wizards Wes Unseld
53%
Grizzlies Marc Gasol
50%
Kings Oscar Robertson
50%
Raptors Vince Carter
50%
Blazers Clyde Drexler
47%
Nuggets Nikola Jokic
47%
Knicks Walt Frazier
47%
Suns Steve Nash
43%
Hornets Larry Johnson
40%
Clippers Bob McAdoo
37%
Bulls Micheal Jordan
17%
Warriors Steph Curry
17%
No matching quizzes found
Score Distribution
Percent of People with Each Score
Percentile by Number Answered
Your Score History
You have not taken this quiz